LEADER 01160nam0 22003013i 450 001 UBO3681790 005 20251003044424.0 010 $a9781584881025 100 $a20121008d2009 ||||0itac50 ba 101 | $aeng 102 $aus 181 1$6z01$ai $bxxxe 182 1$6z01$an 200 1 $aSequential methods and their applications$fNitis Mukhopadhyay, Basil M. de Silva 210 $aBoca Raton [etc.]$cChapman & Hall/CRC Press$dc2009 215 $a499 p.$d24 cm. 606 $aAnalisi sequenziale$xMetodi statistici$2FIR$3NAPC258323$9I 676 $a519.54$9Statistica matematica. Inferenza statistica$v21 700 1$aMukhopadhyay$b, Nitis$f <1950- >$3PUVV154053$4070$0256035 701 1$aSilva$b, Basil M. : de$3UBOV348971$4070$0772029 801 3$aIT$bIT-000000$c20121008 850 $aIT-BN0095 901 $bNAP 01$cM/S $n$ 912 $aUBO3681790 950 0$aBiblioteca Centralizzata di Ateneo$d 01M/S (C) 22 0171$e 01C 8002201715 VMA 1 v.$fY $h20121008$i20121008 977 $a 01 996 $aSequential methods and their applications$91575867 997 $aUNISANNIO